|
|
|
|
| LEADER |
00000nab a2200000 a 4500 |
| 001 |
vtls000363336 |
| 003 |
SK-MaSNL |
| 005 |
20260303134148.0 |
| 008 |
230217c1989 xo 0 slo |
| 015 |
|
|
|a SNBRB19rr/mm-uuuuu
|
| 035 |
|
|
|a CL0363458
|
| 035 |
|
|
|a urn:nbn:sk:snk-abbjrm
|
| 035 |
|
|
|a (urnnbn)urn:nbn:sk:snk:ar-000ku3
|
| 035 |
|
|
|a (uuid)c9532cbf-9045-47e5-9ce1-6aea7425b98e
|
| 040 |
|
|
|a SNKBUCL
|b slo
|c SNKBUCL
|e AACR2
|
| 041 |
0 |
|
|a slo
|
| 044 |
|
|
|a xo
|c SK
|
| 080 |
|
|
|a 028.4:05(08)(048)
|2 1981
|
| 080 |
|
|
|a 05(08)(048)
|2 1981
|
| 080 |
|
|
|a 05
|2 1981
|
| 080 |
|
|
|a 028.4
|2 1981
|
| 100 |
1 |
|
|a -mn-
|4 aut
|9 852997
|
| 245 |
1 |
0 |
|a Práca s periodikami
|c -mn-
|
| 650 |
0 |
7 |
|a knižnice
|2 snkbucl
|9 17965
|
| 650 |
0 |
7 |
|a časopisy
|2 snkbucl
|9 1421
|
| 655 |
|
7 |
|a články z novín a časopisov
|2 snkbucl
|9 267496
|
| 700 |
1 |
|
|a Benetinová, Ľudmila
|4 aut
|9 279524
|
| 773 |
0 |
|
|t Čitateľ
|g Roč. 38, č. 11 (1989), s. 416
|
| 787 |
0 |
8 |
|i Rec.:
|a Benetinová, Ľudmila
|t Príručka pre prácu s periodikami
|d Bratislava : Univerzitná knižnica, 1988
|
| 850 |
|
|
|a Slovenská národná knižnica v Martine
|a MTA001
|
| 852 |
|
|
|a SNK
|b KIS3GCP
|
| 954 |
|
|
|a odborná, vedecká literatúra pôvodná (slovenská)
|2 lita
|
| 958 |
|
|
|a OND
|
| 958 |
|
|
|a RK
|
| 958 |
|
|
|a KL
|
| 958 |
|
|
|a EUIPO
|
| 958 |
|
|
|a article15
|
| 992 |
|
|
|a RBX
|
| 999 |
|
|
|c 1960033
|d 1961963
|